Online katalóg knižníc regiónu Turca

Konzervovanie (Record no. 20291)

MARC details
000 -LEADER
fixed length control field 01600cam a2200457 a 4500
001 - CONTROL NUMBER
control field 20291
003 - CONTROL NUMBER IDENTIFIER
control field VRT
005 - DATE AND TIME OF LATEST TRANSACTION
control field 20260120155913.0
008 - FIXED-LENGTH DATA ELEMENTS--GENERAL INFORMATION
fixed length control field 240314s2010 xo o g 001 0 slo
015 ## - NATIONAL BIBLIOGRAPHY NUMBER
National bibliography number SNBA2011/05-02510
020 ## - INTERNATIONAL STANDARD BOOK NUMBER
International Standard Book Number 9788055123912
Qualifying information (viaz.)
035 ## - SYSTEM CONTROL NUMBER
System control number C0BA5064-9B3E-4F68-9A1E-B0BB26AAF1C4
035 ## - SYSTEM CONTROL NUMBER
System control number urn:nbn:sk:snk-amjx81
035 ## - SYSTEM CONTROL NUMBER
System control number urn:nbn:sk:snk-am0085ws
039 #9 - LEVEL OF BIBLIOGRAPHIC CONTROL AND CODING DETAIL [OBSOLETE]
Level of rules in bibliographic description 202403141129
Level of effort used to assign nonsubject heading access points VLOAD
Level of effort used to assign subject headings 202207172203
Level of effort used to assign classification AUTHORITY
Level of effort used to assign subject headings 202207172203
Level of effort used to assign classification AUTHORITY
Level of effort used to assign subject headings 201808091500
Level of effort used to assign classification VLOAD
040 ## - CATALOGING SOURCE
Original cataloging agency SVKBB
Language of cataloging slo
Transcribing agency SVKBB
Modifying agency SNK
Description conventions AACR2
041 1# - LANGUAGE CODE
Language code of text/sound track or separate title slo
Language code of original eng
044 ## - COUNTRY OF PUBLISHING/PRODUCING ENTITY CODE
MARC country code xo
ISO country code SK
072 #7 - SUBJECT CATEGORY CODE
Subject category code 641
Subject category code subdivision Kuchárstvo. Potraviny. Varené jedlá
Source konspekt
080 ## - UNIVERSAL DECIMAL CLASSIFICATION NUMBER
Universal Decimal Classification number 641.4
Edition identifier 2001
080 ## - UNIVERSAL DECIMAL CLASSIFICATION NUMBER
Universal Decimal Classification number (083.12)
Edition identifier 2001
100 1# - MAIN ENTRY--PERSONAL NAME
Personal name Schwartz, Oded
Relationship aut
240 10 - UNIFORM TITLE
Uniform title Preserving
Language of a work Slovensky
245 10 - TITLE STATEMENT
Title Konzervovanie
Statement of responsibility, etc. Oded Schwartz ; [z anglického originálu preložila Katarína Bujačková ; fotografie Ian O'Leary]
250 ## - EDITION STATEMENT
Edition statement 2. vyd.
260 ## - PUBLICATION, DISTRIBUTION, ETC.
Place of publication, distribution, etc. Bratislava
Name of publisher, distributor, etc. Ikar
Date of publication, distribution, etc. 2010
300 ## - PHYSICAL DESCRIPTION
Extent 192 s.
Other physical details fareb. fotogr.
Dimensions 29 cm
504 ## - BIBLIOGRAPHY, ETC. NOTE
Bibliography, etc. note Reg.
650 07 - SUBJECT ADDED ENTRY--TOPICAL TERM
Topical term or geographic name entry element konzervované potraviny
Source of heading or term SNKPH
650 07 - SUBJECT ADDED ENTRY--TOPICAL TERM
Topical term or geographic name entry element Preservated food
Source of heading or term SNKPHeng
655 #7 - INDEX TERM--GENRE/FORM
Genre/form data or focus term kuchárske recepty
Source of term SNKPH
655 #7 - INDEX TERM--GENRE/FORM
Genre/form data or focus term Cookbooks
Source of term SNKPHeng
700 1# - ADDED ENTRY--PERSONAL NAME
Personal name Bujačková, Katarína
Relationship trl
700 1# - ADDED ENTRY--PERSONAL NAME
Personal name O'Leary, Ian
Relationship pht
942 ## - ADDED ENTRY ELEMENTS (KOHA)
Source of classification or shelving scheme Dewey Decimal Classification
Koha item type Odborná literatúra pre dospelých
Suppress in OPAC No
949 ## - LOCAL PROCESSING INFORMATION (OCLC)
6 270001000377234
a svkbbC 54559
b svkbbm 715438
949 ## - LOCAL PROCESSING INFORMATION (OCLC)
6 17A0687050
a snkSB 80809
b snk2011/1970
o 201/2011
s 6100:20140925
949 ## - LOCAL PROCESSING INFORMATION (OCLC)
6 17A0687051
a snkSB 80809 D1
b snk2011/1972
o 201/2011
949 ## - LOCAL PROCESSING INFORMATION (OCLC)
6 273K0527709
a svkpoC 51350
b svkpo536142
980 ## - EQUIVALENCE OR CROSS-REFERENCE-SERIES STATEMENT--PERSONAL NAME/TITLE [LOCAL, CANADA]
Personal name 641.4
Holdings
Stav vyradenia Strata Poškodenie Spôsob nadobudnutia Domovská knižnica Aktuálna knižnica Dátum nadobudnutia Total checkouts Čiarový kód exemplára Date last seen Typ exemplára
      Dar Obecná knižnica Horná Štubňa Obecná knižnica Horná Štubňa 20.01.2026   9788055123912 20.01.2026 Odborná literatúra pre dospelých
Projekt je podporený Slovenskou asociáciou knižníc
Prevádzkuje Turčianska knižnica Martin 2026